| 000 | 00936cam a2200313 i 4500 | ||
|---|---|---|---|
| 001 | 4604145 | ||
| 003 | PILC | ||
| 005 | 20160204101839.0 | ||
| 008 | 761229s1976 enk 000 1 eng | ||
| 010 | _a 76380052 | ||
| 015 | _aGB*** | ||
| 020 | _a0002224879 | ||
| 040 |
_aDLC _cDLC _dDLC |
||
| 050 | 0 | 0 |
_aPR 6039 _b.H174 1976 _a |
| 082 | 0 | 0 |
_aFIC H14k _b1976 |
| 100 | 1 |
_aHall, Adam. _913220 |
|
| 245 | 1 | 4 |
_aThe kobra manifesto _cAdam Hall [i.e. E. Trevor]. |
| 260 |
_aLondon : _bCollins, _c1976. |
||
| 300 |
_a244 p. ; _c22 cm. |
||
| 650 | 0 |
_aQuiller (Fictitious character) _xFiction. _919691 |
|
| 650 | 0 |
_aTerrorism _xPrevention _vFiction. _919692 |
|
| 650 | 0 |
_aIntelligence officers _xFiction. _919693 |
|
| 650 | 0 |
_aBritish _zBrazil _vFiction. _919694 |
|
| 651 | 0 |
_aBrazil _vFiction. _919695 |
|
| 655 | 7 |
_aSpy stories. _2gsafd _94765 |
|
| 906 |
_a7 _bcbc _corignew _d4 _encip _f19 _gy-gencatlg |
||
| 942 |
_2lcc _cBK |
||
| 999 |
_c11289 _d11289 |
||